00560 2200193 4500001002100000008004100021035002000062245010000082100001900182250001000201260003000211300002700241020002200268084001600290082001000306650002800316990001100344990001100355INLIS000000000014909 ind  a0010-1022000227 aGajah Yang Baik Hati: Asyiknya belajar sikap perduli sosialcBudi Dermawan;editor, Aulia Rahman aBUDI, Dermawan acet.2 aJakarta :bPs Kids,c2021 a32 hlm.: ilus.c15 cm. a978-979-788-587-8 a741.5 BUD g a741.5 aCERITA BERGAMBAR, KOMIK a9730 a a9730 b